00930nam a2200193 a 4500001001000000005001700010008004100027041000800068044000700076084002000083100003700103245018100140300002500321500009800346500007200444500011700516500005700633650004600690BRCA_892020190320210447.0230617d1709----sp-#######---#000-0#spa-# aspa asp aCO86b.P76 17091 aLárraga, Franciscod1671?-172310aPromptuario de la theologia moral, muy útil para todos los que se han de exponer de Confessores, y para la debida administración del Santo Sacramento de la Penitenciac1709 a496 p.c20.4 x 15 cm aEstado físico: presenta encuadernación en pergamino, carece de portada y lomo desprendido aEstado físico: se anexa una portada impresa similar a la original aEn portada: Nuevamente reconocido, mejorado, corregido, y añadido por su Autor en esta dezimaoctava impression aEn portada: Dedicado al glorioso patriarca S. Joseph14aTeología moralyObras anteriores a 1800